000 00906nam a22002537a 4500
001 13109
003 HDC
007 cr bn ---
008 210212 my |0 eneng
040 _aHDC
100 _a Fisher, Jeffrey C.
_eauthor
_913935
245 0 _aMEAT GOAT DEMOGRAPHICS AND NICHE MARKETING /
_bby Jeffrey C. Fisher , Richard Stock, David A. Mangione , Larry A. Nye
260 _a[No place] :
_bTropical and Subtropical Agroecosystems,
_c2009
300 _a5 pages
336 _atext
_2rdacontent
337 _acomputer
_2rdamedia
338 _aonline resource
_2rdacarrier
650 _aMeat Goats
_913936
650 _aNiche Marketing
_913937
856 _zRequest full-text at [email protected]
942 _2lcc
942 _cEBOOK
942 _kEBOK 002065
999 _c10425
_d10425